Arsenal starting Goalies - Statistics

General Stats
  • This quiz has been taken 26 times
    2 since last reset
  • The average score is 39 of 43
Answer Stats
Hint Answer % Correct
2021/22 Aaron Ramsdale (37)
100%
2022/23 Aaron Ramsdale (41)
100%
2019/20 Bernd Leno (32)
100%
2018/19 Bernd Leno (36)
100%
2020/21 Bernd Leno (49)
100%
2023/24 David Raya (41)
100%
2024/25 David Raya (55)
100%
2001/02 David Seaman (25)
100%
1996/97 David Seaman (28)
100%
1999/00 David Seaman (36)
100%
1997/98 David Seaman (38)
100%
2000/01 David Seaman (39)
100%
2002/03 David Seaman (43)
100%
1998/99 David Seaman (43)
100%
1995/96 David Seaman (47)
100%
1994/95 David Seaman (50)
100%
1990/91 David Seaman (50)
100%
1991/92 David Seaman (51)
100%
1992/93 David Seaman (56)
100%
1993/94 David Seaman (57)
100%
2004/05 Jens Lehmann (41)
100%
2006/07 Jens Lehmann (44)
100%
2005/06 Jens Lehmann (47)
100%
2003/04 Jens Lehmann (54)
100%
2009/10 Manuel Almunia (36)
100%
2007/08 Manuel Almunia (38)
100%
2008/09 Manuel Almunia (44)
100%
2016/17 Petr Cech (37)
100%
2017/18 Petr Cech (38)
100%
2015/16 Petr Cech (42)
100%
2010/11 Wojciech Szczesny (24)
100%
2014/15 Wojciech Szczesny (29)
100%
2012/13 Wojciech Szczesny (33)
100%
2013/14 Wojciech Szczesny (46)
100%
2011/12 Wojciech Szczesny (48)
100%
1984/85 John Lukic (27)
50%
1988/89 John Lukic (45)
50%
1987/88 John Lukic (45)
50%
1986/87 John Lukic (45)
50%
1989/90 John Lukic (46)
50%
1985/86 John Lukic (49)
50%
1983/84 Pat Jennings (42)
50%
2025/26 David Raya (50)*
0%
No matching quizzes found
Score Distribution
Percent of People with Each Score
Percentile by Number Answered
Your Score History
You have not taken this quiz since the last reset